Membership Directory 2004 / (Record no. 85186)
[ view plain ]
| 000 -LEADER | |
|---|---|
| fixed length control field | 00663cam a2200193 4500 |
| 005 - DATE AND TIME OF LATEST TRANSACTION | |
| control field | 20170130175752.0 |
| 008 - FIXED-LENGTH DATA ELEMENTS--GENERAL INFORMATION | |
| fixed length control field | 040614s2004 xx 000 0 eng u |
| 050 00 - LIBRARY OF CONGRESS CALL NUMBER | |
| Classification number | RC254.A1 |
| Item number | E97 2004 |
| 110 2# - MAIN ENTRY--CORPORATE NAME | |
| Corporate name or jurisdiction name as entry element | European Society for Medical Oncology. |
| 245 10 - TITLE STATEMENT | |
| Title | Membership Directory 2004 / |
| Statement of responsibility, etc | European Society for Medical Oncology ; dir. Age Schultz. |
| 260 ## - PUBLICATION, DISTRIBUTION, ETC. (IMPRINT) | |
| Place of publication, distribution, etc | Switzerland : |
| Name of publisher, distributor, etc | ESMO, |
| Date of publication, distribution, etc | 2004. |
| 300 ## - PHYSICAL DESCRIPTION | |
| Extent | 255 p. ; |
| Dimensions | 30 cm. |
| 500 ## - GENERAL NOTE | |
| General note | Rec. Esc. |
| 504 ## - BIBLIOGRAPHY, ETC. NOTE | |
| Bibliography, etc | Incluye índice geográfico |
| 610 20 - SUBJECT ADDED ENTRY--CORPORATE NAME | |
| Corporate name or jurisdiction name as entry element | Sociedad Europea de Oncología Clínica |
| Form subdivision | Directorios. |
| 650 14 - SUBJECT ADDED ENTRY--TOPICAL TERM | |
| Topical term or geographic name as entry element | Oncólogos |
| Geographic subdivision | Europa |
| Form subdivision | Directorios |
| 700 1# - ADDED ENTRY--PERSONAL NAME | |
| Personal name | Schultz, Age. dir. |
| 942 ## - ADDED ENTRY ELEMENTS (KOHA) | |
| Source of classification or shelving scheme | Biblioteca del Cogreso de los Estados Unidos |
| Koha item type | Libro |
| Estado de pérdida | Fuente de clasificación | Estado del daño | No para préstamo | Ubicación permanente | Ubicación actual | Apartado o colección | Fecha de adquisición | Edición | Área del conocimiento | Clasificación | Código de Barras | Date last seen | Número de copia | Tipo de recurso |
|---|---|---|---|---|---|---|---|---|---|---|---|---|---|---|
| Biblioteca del Cogreso de los Estados Unidos | Consulta | Biblioteca de la Facultad de Ciencias Médicas y Biológicas | Biblioteca de la Facultad de Ciencias Médicas y Biológicas | Consulta | 30/01/2017 | 1a ed. | Ciencias de la Salud | RC254.A1 E97 2004 | BFM000007230 | 30/01/2017 | 1 | Libro |